Compendio Laboral 2011 Correlacionado artc̕ulo por artc̕ulo /

Detalles Bibliográficos
Autor principal: Fol Olguin, Raymundo
Otros Autores: Přez Chv̀ez, Još
Formato: eBook
Lenguaje:español
Publicado: Mx̌ico : Tax Editores, 2011.
Materias:
Acceso en línea:Acceso restringido
Acceso restringido

MARC

LEADER 00000nam a22000007a 4500
005 20110831140523.0
008 110831t2011 mx ||||s|||| 00| 0 spa d
020 |a 978-607-440-226-1 (Tomo. I) 
020 |a 978-607-440-227-8 (Tomo. II) 
035 |a 5557 
035 |a 5558 
040 |a vLex 
090 |c 2324  |d 2324 
100 1 |a Fol Olguin, Raymundo 
245 1 0 |a Compendio Laboral 2011  |b Correlacionado artc̕ulo por artc̕ulo /  |c Raymundo Fol Olguin; Jos ̌Přez Chv̀ez  |h [Recurso electrn̤ico] : 
256 |a Servicio en ln̕ea. 
260 |a Mx̌ico :  |b Tax Editores,  |c 2011. 
500 |a La presente edicin̤ contiene las disposiciones laborales y de seguridad social dadas a conocer hasta el 19 de diciembre de 2010. Los n̕dices, subtt̕ulos, notas y correlaciones contenidos en esta obra no son parte de los textos legales.  
505 |a Contiene: Tomos I y II 
506 1 |a Contenido solo disponible en los productos indicados  |d vLex Global  |d vLex Global (Academic Edition, excluding Law Schools)  |d vLex Global (U.S. Academic Edition, Law Schools)  |d vLex Global (U.S. Academic Edition, excluding Law Schools)  |d vLex Global (Academic Edition, Law Schools) 
506 1 |a Contenido solo disponible en los productos indicados  |d vLex Global  |d vLex Global (Academic Edition, excluding Law Schools)  |d vLex Global (U.S. Academic Edition, Law Schools)  |d vLex Global (U.S. Academic Edition, excluding Law Schools)  |d vLex Global (Academic Edition, Law Schools) 
650 0 4 |a Derecho laboral  |z Mx̌ico 
700 1 |a Přez Chv̀ez, Još 
740 0 |a vLex Libros (Servicio en ln̕ea) 
856 4 0 |u http://vlex.com/source/5557  |z Acceso restringido 
856 4 0 |u http://vlex.com/source/compendio-laboral-2011-correlacionado-articulo-por-articulo-tomo-ii-5558  |z Acceso restringido 
942 |c BOOK